Los planes de estabilización en la Argentina (Registro nro. 4312)

Detalles MARC
000 -LEADER
fixed length control field 01097 a2200241 4500
001 - CONTROL NUMBER
control field 47183
005 - DATE AND TIME OF LATEST TRANSACTION
control field 20260407155740.0
008 - FIXED-LENGTH DATA ELEMENTS--GENERAL INFORMATION
fixed length control field 260407a1974 arg spa d
003 - CONTROL NUMBER IDENTIFIER
control field AR-UNSa-BCEJYS
040 ## - CATALOGING SOURCE
Original cataloging agency AR-UNSa-BCEJYS
Language of cataloging spa
Transcribing agency AR-UNSa-BCEJYS
080 ## - UNIVERSAL DECIMAL CLASSIFICATION NUMBER
Universal Decimal Classification number 330(82)
Common auxiliary subdivision Economia Argentina
100 1# - MAIN ENTRY--PERSONAL NAME
Personal name Brodersohn, Mario S.
245 10 - TITLE STATEMENT
Title Los planes de estabilización en la Argentina
264 #1 - PRODUCTION, PUBLICATION, DISTRIBUTION, MANUFACTURE, AND COPYRIGHT NOTICE
Place of production, publication, distribution, manufacture Buenos Aires :
Name of producer, publisher, distributor, manufacturer Paidós
Date of production, publication, distribution, manufacture, or copyright notice 1974
300 ## - PHYSICAL DESCRIPTION
Extent 132 p.
Dimensions 18 cm.
505 ## - FORMATTED CONTENTS NOTE
Formatted contents note 1. Devaluación, redistribución de ingresos y el proceso de desarticulación industrial en la Argentina / Aldo Ferrer - 2. Estrategias de estabilización y expansión en la Argentina: 1959-67 / Mario S. Brodersohn - 3. Las políticas económicas ortodoxas de Perón a Guido (1959-1963). Consecuencias económicas y sociales / Eprime Eshag y Rosemary Thorp -
590 ## - LOCAL NOTE (RLIN)
Local note niveau_biblio:m niveau_hierar:0
700 1# - ADDED ENTRY--PERSONAL NAME
Personal name Ferrer, Aldo
700 1# - ADDED ENTRY--PERSONAL NAME
Personal name Eshag, Eprime
700 1# - ADDED ENTRY--PERSONAL NAME
Personal name Thorp, Rosemary
856 41 - ELECTRONIC LOCATION AND ACCESS
Uniform Resource Identifier <a href="https://www.biblioeco.unsa.edu.ar/pmb/images/libros/L127422.jpg">https://www.biblioeco.unsa.edu.ar/pmb/images/libros/L127422.jpg</a>
Link text Imagen de portada
Electronic format type image/jpeg
942 ## - ADDED ENTRY ELEMENTS (KOHA)
Koha item type
Existencias
Withdrawn status Lost status Damaged status Not for loan Home library Current library Shelving location Date acquired Total checkouts Full call number Barcode Date last seen Price effective from Koha item type
        Biblioteca Prof. Eusebio Cleto del Rey Biblioteca Prof. Eusebio Cleto del Rey   07/04/2026   330(82) F382 L127422 07/04/2026 07/04/2026 Libro